| 000 | 00458nam a2200169Ia 4500 | ||
|---|---|---|---|
| 003 | GCL | ||
| 008 | 140319s9999 xx 000 0 eng d | ||
| 040 |
_aGCL / _cGCL |
||
| 082 | 0 | 4 |
_a609 _bT B |
| 100 | 1 | _aTRINDER, BARRIE | |
| 245 | 1 | 0 |
_aTHE BLACHEWELL ENCYCLOPEDIA OF INDUSTRIAL ARCHAEOLOGY / _cTRINDER, BARRIE |
| 260 |
_a[S.N] : _bBLACKWELL ، _c1992 |
||
| 300 | _a964 | ||
| 650 | 0 | 4 | _aINDUSTRIAL ARCHAEOLOGY |
| 650 | 0 | 4 | _aENCYCLOPEDIAS |
| 942 |
_2ddc _cBK |
||
| 999 |
_c12093 _d12093 |
||